000 00347nam a2200145Ia 4500
100 _aD Souza A C
650 _aCarpentery
942 _cBK
654 _aWorked Example In Mechanics Of Materials
245 _aWorked Example In Mechanics Of Materials
260 _bHiffe Brother Ltd
082 _a620.1
_bDso
546 _aENGLISH
999 _c22614
_d22614